[Event "CZE-ch 4th email"]
[Site "Czech Republic"]
[Date "2000.??.??"]
[Round "?"]
[White "Cabejsek, Jaroslav"]
[Black "Glembek, Bohumir"]
[Result "1/2-1/2"]
[WhiteElo "2000"]
[BlackElo "2050"]
[PlyCount "94"]
[EventDate "2000.??.??"]
[EventType "tourn (corr)"]
[EventRounds "14"]
[EventCountry "CZE"]
[SourceTitle "Corr 2002"]
[Source "ChessBase"]
[SourceDate "2002.05.23"]
[SourceVersion "1"]
[SourceVersionDate "2002.05.23"]
[SourceQuality "1"]

1. e4 Nf6 2. e5 Nd5 3. d4 d6 4. c4 Nb6 5. exd6 exd6 6. Nc3 Nc6 7. Be3 Be7 8. Nf3 Bg4 9. h3 Bh5 10. g4 Bg6 11. d5 Nb8 12. Qd2 N8d7 13. 0-0-0 Rc8 14. Nd4 Ne5 15. b3 c5 16. dxc6 d5 17. Qb2 Nxc6 18. f4 Bc5 19. f5 dxc4 20. Qe2 Qe7 21. fxg6 hxg6 22. Kb1 cxb3 23. axb3 0-0 24. Bg2 Rfe8 25. Bxc6 bxc6 26. Rhe1 Bb4 27. Bd2 Qd7 28. Qf2 Rxe1 29. Rxe1 c5 30. Nc2 a5 31. Ne4 Qd5 32. Qe3 Bxd2 33. Nxd2 a4 34. bxa4 Nxa4 35. Kc1 c4 36. Qd4 Qxd4 37. Nxd4 Nc5 38. Kc2 Nd3 39. Re3 Nb4+ 40. Kc1 Nd3+ 41. Kb1 Rb8+ 42. Kc2 Nb4+ 43. Kd1 Rd8 44. Nb5 Nd3 45. Rf3 f6 46. Nc3 Kf7 47. Ncb1 g5 1/2-1/2

[Event "CZE-ch 4th email"]
[Site "Czech Republic"]
[Date "2000.??.??"]
[Round "?"]
[White "Cabejsek, Jaroslav"]
[Black "Valenta, Josef"]
[Result "1/2-1/2"]
[WhiteElo "2000"]
[BlackElo "2130"]
[PlyCount "54"]
[EventDate "2000.??.??"]
[EventType "tourn (corr)"]
[EventRounds "14"]
[EventCountry "CZE"]
[SourceTitle "Corr 2002"]
[Source "ChessBase"]
[SourceDate "2002.05.23"]
[SourceVersion "1"]
[SourceVersionDate "2002.05.23"]
[SourceQuality "1"]

1. e4 e5 2. Nf3 Nf6 3. Nxe5 d6 4. Nf3 Nxe4 5. d4 d5 6. Bd3 Be7 7. 0-0 Nc6 8. c4 Bg4 9. cxd5 Qxd5 10. Nc3 Nxc3 11. bxc3 0-0 12. Re1 Bxf3 13. Qxf3 Qxf3 14. gxf3 Bd6 15. Rb1 Rae8 16. Re4 Nd8 17. Bd2 c6 18. Rbe1 Ne6 19. Bc4 Nc7 20. Bg5 b5 21. Bb3 a5 22. a4 Rb8 23. Be7 Bxe7 24. Rxe7 bxa4 25. Bxa4 Nd5 26. Ra7 Nxc3 27. Bxc6 Rb2 1/2-1/2

[Event "CZE-ch 4th email"]
[Site "Czech Republic"]
[Date "2000.??.??"]
[Round "?"]
[White "Cedrych, Karel"]
[Black "Cabejsek, Jaroslav"]
[Result "1/2-1/2"]
[WhiteElo "2055"]
[BlackElo "2000"]
[PlyCount "121"]
[EventDate "2000.??.??"]
[EventType "tourn (corr)"]
[EventRounds "14"]
[EventCountry "CZE"]
[SourceTitle "Corr 2002"]
[Source "ChessBase"]
[SourceDate "2002.05.23"]
[SourceVersion "1"]
[SourceVersionDate "2002.05.23"]
[SourceQuality "1"]

1. e4 c5 2. Nc3 Nc6 3. g3 g6 4. Bg2 Bg7 5. d3 d6 6. f4 e6 7. Nf3 Nge7 8. 0-0 0-0 9. Be3 Nd4 10. Bf2 Nec6 11. Nxd4 Nxd4 12. e5 dxe5 13. fxe5 Bxe5 14. Ne4 f5 15. Nxc5 Qd6 16. b4 Nc6 17. Rb1 Bd4 18. Qd2 a5 19. c3 Bxf2+ 20. Rxf2 axb4 21. cxb4 b6 22. b5 bxc5 23. Bxc6 Ra3 24. Rd1 Rd8 25. Qc1 Ra4 26. Qc2 Rd4 27. Rc1 Bd7 28. Qxc5 Rxd3 29. Qxd6 Rxd6 30. Bxd7 R6xd7 31. a4 Rb7 32. Rb2 Ra8 33. Rb4 Kf7 34. Rc5 Ke7 35. b6 Kd6 36. Rcb5 Kd7 37. a5 Kc6 38. Kf2 Kd6 39. Rc4 Rab8 40. Ke3 g5 41. Kd4 h5 42. Rc7 Rxc7 43. bxc7 Kxc7 44. Rc5+ Kd6 45. Rc4 e5+ 46. Kc3 Ra8 47. Ra4 Ra6 48. Kc4 Kc6 49. Ra1 f4 50. gxf4 exf4 51. Kd4 f3 52. Ke3 g4 53. Kf4 Kb5 54. Rb1+ Kc4 55. Ra1 Kc3 56. Kg3 Kb4 57. h3 Rxa5 58. Rb1+ Kc4 59. hxg4 Rg5 60. Kxf3 Rxg4 61. Rh1 1/2-1/2

[Event "CZE-ch 4th email"]
[Site "Czech Republic"]
[Date "2000.??.??"]
[Round "?"]
[White "Holasek, Pavel"]
[Black "Cabejsek, Jaroslav"]
[Result "0-1"]
[WhiteElo "2000"]
[BlackElo "2000"]
[PlyCount "110"]
[EventDate "2000.??.??"]
[EventType "tourn (corr)"]
[EventRounds "14"]
[EventCountry "CZE"]
[SourceTitle "Corr 2002"]
[Source "ChessBase"]
[SourceDate "2002.05.23"]
[SourceVersion "1"]
[SourceVersionDate "2002.05.23"]
[SourceQuality "1"]

1. e4 e5 2. Nf3 Nc6 3. Bb5 d6 4. d4 Bd7 5. Nc3 exd4 6. Nxd4 g6 7. Be3 Bg7 8. Qd2 Nf6 9. Bxc6 bxc6 10. Bh6 0-0 11. Bxg7 Kxg7 12. 0-0-0 Qb8 13. f3 Qb4 14. a3 Qb6 15. Rdg1 Rab8 16. Nd1 Rfe8 17. g4 Re5 18. h4 c5 19. Nf5+ Bxf5 20. gxf5 Nh5 21. Qg5 Kh8 22. f4 Rxe4 23. fxg6 fxg6 24. f5 Re5 25. Qh6 Rxf5 26. Rxg6 Qc6 27. Rhg1 Qd7 28. R6g5 Rxg5 29. hxg5 Qf7 30. Rh1 Nf4 31. Re1 Rg8 32. Qf6+ Qxf6 33. gxf6 Nd5 34. Nc3 Nxf6 35. Nb5 a5 36. Nxc7 h5 37. Re6 Rg1+ 38. Kd2 Kg7 39. Re7+ Kf8 40. Re2 h4 41. Ne6+ Kf7 42. Nf4 Rg4 43. Nh3 d5 44. Rf2 Rg3 45. Rh2 Kg6 46. Nf4+ Kf5 47. Ne2 Ne4+ 48. Ke1 Rg4 49. b3 Ng5 50. Kf2 h3 51. Nc3 d4 52. Ne2 Ne4+ 53. Ke1 Rh4 54. Ng1 Kg4 55. Ne2 Rh7 0-1